[Event "SR 3. liga A2 2007/2008"]
[Site "?"]
[Date "2008.02.17"]
[Round "8"]
[White "Gajarsky, Julius"]
[Black "Kosar, Mikulas st"]
[Result "1-0"]
[WhiteElo "1820"]
[BlackElo "1902"]
[PlyCount "109"]
[EventDate "2007.??.??"]

1. Nf3 Nc6 2. c4 d5 3. cxd5 Qxd5 4. Nc3 Qd8 5. d4 e6 6. e4 Bb4 7. a3 Ba5 8. b4
Bb6 9. Bb5 Bd7 10. O-O a6 11. Ba4 Nge7 12. Be3 O-O 13. Re1 Nb8 14. Bb3 Ng6 15.
Bg5 f6 16. Be3 c6 17. Qe2 Kh8 $11 18. Na4 Bc7 19. Nc5 Qc8 20. Qa2 Re8 21. Qd2
b6 22. Nd3 Re7 23. Rec1 Qb7 24. Nf4 Nxf4 25. Bxf4 Bxf4 26. Qxf4 Be8 27. Ng5 Qd7
28. Nf3 Bf7 29. e5 Qc7 30. Ra2 Nd7 $11 31. Rac2 Nb8 32. a4 b5 33. Rc5 Be8 34.
g4 Ra7 35. h4 Bf7 36. h5 h6 37. Kg2 Be8 38. Nh4 Bf7 39. Bc2 Nd7 40. Qe4 Nf8 41.
Bd3 Qc8 42. axb5 axb5 43. Rxb5 Rec7 44. Rbc5 Be8 45. exf6 gxf6 46. Nf3 Bd7 47.
Nh4 Be8 48. Ng6+ Nxg6 49. hxg6 Kg7 50. Rh1 Re7 51. Rch5 f5 52. Qe5+ Kxg6 53.
Rxh6+ Kg5 54. Qf6+ Kf4 55. R1h4 1-0

[Event "SR 3. liga A2 2007/2008"]
[Site "?"]
[Date "2008.02.17"]
[Round "8"]
[White "Kosar, Mikulas ml"]
[Black "Kozinka, Jan"]
[Result "1-0"]
[WhiteElo "1935"]
[BlackElo "1766"]
[PlyCount "79"]
[EventDate "2007.??.??"]

1. e4 Nc6 2. d4 d5 3. e5 Bf5 4. Bb5 Qd7 5. Nf3 h6 6. c3 a6 7. Ba4 e6 8. Nh4 Bh7
9. Bc2 Be7 10. Bxh7 Rxh7 11. Qd3 f5 12. Ng6 Kf7 13. Qg3 Bd8 14. h4 h5 15. Nd2
Nce7 16. Nf4 Rh6 17. Nf3 Ng6 18. Nh3 Rh8 19. Nfg5+ Ke8 20. Nf3 Nf8 21. Nf4 Qf7
22. b3 g6 23. Ba3 Ne7 24. Ng5 Qg8 25. c4 c6 26. Bd6 Kd7 27. cxd5 cxd5 28. O-O
Bc7 29. Rac1 Bxd6 30. exd6 Nc6 31. Rfe1 Re8 32. Qe3 Kxd6 33. Nd3 Qg7 34. Ne5
Re7 35. Qf4 Nxe5 36. dxe5+ Kd7 37. Qb4 Kd8 38. Qd6+ Rd7 39. Qb8+ Ke7 40. Rc8
1-0

[Event "SR 3. liga A2 2007/2008"]
[Site "?"]
[Date "2008.02.17"]
[Round "8"]
[White "Hecko, Dusan"]
[Black "Meszaros, Lorant"]
[Result "1/2-1/2"]
[WhiteElo "2123"]
[BlackElo "2103"]
[PlyCount "88"]
[EventDate "2007.??.??"]

1. c4 f5 2. Nc3 Nf6 3. Nf3 c6 4. g3 g6 5. Bg2 Bg7 6. O-O O-O 7. Qc2 d6 8. d4
Qe8 9. b3 Na6 10. a3 e5 11. e3 e4 12. Ng5 h6 13. Nh3 Be6 14. Bb2 Rc8 15. Rac1
Bf7 16. Qd2 Nc7 17. Nf4 g5 18. Nfe2 Qe6 19. a4 Rfe8 20. Rc2 Bh5 21. Bc1 Bf3 22.
h3 Qf7 23. Kh2 Na6 24. Ba3 Bf8 25. Rh1 Qh5 26. Kg1 Bxg2 27. Kxg2 Qf3+ 28. Kg1
Nc7 29. Rh2 a6 30. Kf1 b5 31. axb5 axb5 32. Ng1 Qh5 33. Qe2 Qf7 34. Kg2 Ra8 35.
Bb2 Reb8 36. cxb5 cxb5 37. f4 gxf4 38. exf4 b4 39. Nd1 Ra2 40. Kh1 Ncd5 41. Qc4
Ra7 42. Qe2 Qb7 43. Rg2 Kh7 44. Kh2 Qf7 1/2-1/2

[Event "SR 3. liga A2 2007/2008"]
[Site "?"]
[Date "2008.02.17"]
[Round "8"]
[White "Szitasi, Janos"]
[Black "Hanzluvka, Peter"]
[Result "0-1"]
[WhiteElo "1987"]
[BlackElo "2052"]
[PlyCount "84"]
[EventDate "2007.??.??"]

1. e4 c5 2. Nf3 d6 3. Bc4 Nf6 4. Nc3 e6 5. d4 cxd4 6. Nxd4 Qc7 7. Bb3 a6 8. O-O
Be7 9. Qf3 Bd7 10. Qg3 Nc6 11. Nxc6 Bxc6 12. Re1 h5 13. h4 Ng4 14. f3 Ne5 15.
Bg5 Ng6 16. Rad1 O-O-O 17. Rd2 Bxg5 18. Qxg5 Qe7 19. Qxe7 Nxe7 20. Red1 Kc7 21.
f4 Rh6 22. g3 Nc8 23. a4 Kd7 24. e5 Ke7 25. a5 Rhh8 26. exd6+ Rxd6 27. Rxd6
Nxd6 28. Ba4 Bxa4 29. Nxa4 Rc8 30. c3 Nc4 31. b4 Rc7 32. Kf2 Rd7 33. Rxd7+ Kxd7
34. Ke2 Kc6 35. Nc5 Nxa5 36. Kd3 Kb5 37. Ne4 Nc4 38. Kd4 b6 39. Ng5 a5 40. bxa5
bxa5 41. Nxf7 a4 42. Kd3 a3 0-1

[Event "SR 3. liga A2 2007/2008"]
[Site "?"]
[Date "2008.02.17"]
[Round "8"]
[White "Karlik, L."]
[Black "Arpa, Zoltan"]
[Result "1-0"]
[WhiteElo "1839"]
[BlackElo "1843"]
[PlyCount "69"]
[EventDate "2007.??.??"]

1. d4 e6 2. Nf3 d5 3. Bf4 Nf6 4. e3 h6 5. Bd3 Bd6 6. O-O O-O 7. Nbd2 c5 8. Bxd6
Qxd6 9. c3 c4 10. Bc2 Nc6 11. e4 Qc7 12. e5 Nd7 13. Nh4 Qd8 14. Qh5 Qg5 15.
Qxg5 hxg5 16. Nhf3 f6 17. exf6 gxf6 18. Rfe1 Nb6 19. b3 Na5 20. h4 g4 21. Nh2
f5 22. g3 Bd7 23. f3 gxf3 24. Ndxf3 Nc6 25. Ng5 Rae8 26. Nhf3 Kg7 27. Re2 Rf6
28. Rae1 a5 29. Nh3 Nd8 30. Nf4 Rh6 31. Bxf5 Kf6 32. Bh3 a4 33. b4 a3 34. Ne5
Bc8 35. Ng4+ 1-0

[Event "SR 3. liga A2 2007/2008"]
[Site "?"]
[Date "2008.02.17"]
[Round "8"]
[White "Both, Lajos"]
[Black "Blazkova, Barbora"]
[Result "1/2-1/2"]
[WhiteElo "1951"]
[BlackElo "1942"]
[PlyCount "70"]
[EventDate "2007.??.??"]

1. e4 c5 2. c3 d6 3. d4 cxd4 4. cxd4 Nf6 5. Bd3 e6 6. Nf3 Be7 7. Nc3 O-O 8. O-O
a6 9. a3 b5 10. b4 Bb7 11. Bf4 Nbd7 12. e5 dxe5 13. dxe5 Nd5 14. Nxd5 Bxd5 15.
Rc1 Rc8 16. Qe2 Qb6 17. Ng5 g6 18. Be3 Qb7 19. f4 Bxg5 20. fxg5 Nxe5 21. Bc5
Nxd3 22. Qxd3 Rfd8 23. Qg3 Bc4 24. Rf2 Rd3 25. Qf4 Rcd8 26. h4 R8d7 27. Re1 Qc7
28. Qxc7 Rxc7 29. Rf3 Rcd7 30. Rxd3 Rxd3 31. Re3 Rxe3 32. Bxe3 Kf8 33. Bc5+ Ke8
34. Kf2 Kd7 35. Ke3 e5 1/2-1/2

[Event "SR 3. liga A2 2007/2008"]
[Site "?"]
[Date "2008.02.17"]
[Round "8"]
[White "Lelkes, Geza"]
[Black "Skapik, Branislav"]
[Result "1-0"]
[WhiteElo "1795"]
[BlackElo "1797"]
[PlyCount "55"]
[EventDate "2007.??.??"]

1. e4 e5 2. Bc4 Nf6 3. d3 Nc6 4. a3 Bc5 5. h3 d5 6. exd5 Nxd5 7. Qf3 Be6 8. Ne2
Qd6 9. O-O O-O-O 10. c3 Nde7 11. Bxe6+ Qxe6 12. b4 Bb6 13. a4 a5 14. b5 Nb8 15.
Na3 Qf5 16. Qxf5+ Nxf5 17. Rd1 Nd6 18. Bb2 Rhe8 19. c4 Bc5 20. Nc2 Nf5 21. Ba3
Bxa3 22. Rxa3 Nd7 23. Nc3 Nc5 24. Nd5 Ne7 25. Nce3 Nxd5 26. Nxd5 e4 27. d4 f5
28. dxc5 1-0

[Event "SR 3. liga A2 2007/2008"]
[Site "?"]
[Date "2008.02.17"]
[Round "8"]
[White "Pericka, Pavol"]
[Black "Kalmar, Tamas"]
[Result "0-1"]
[WhiteElo "1718"]
[BlackElo "1529"]
[PlyCount "106"]
[EventDate "2007.??.??"]

1. e4 e6 2. d4 d5 3. e5 c5 4. c3 Nc6 5. Nf3 Qb6 6. Bd3 cxd4 7. cxd4 Nge7 8. O-O
Nb4 9. Be2 Nbc6 10. Nc3 Nf5 11. Na4 Qc7 12. Be3 Bd7 13. Rc1 a6 14. Nc5 Bxc5 15.
Rxc5 Nxe3 16. fxe3 Rc8 17. Ng5 O-O 18. Bh5 g6 19. Rf6 Be8 20. Qg4 Qe7 21. Qh3
h6 22. Nf3 Kg7 23. Bg4 Bd7 24. Qg3 Qe8 25. h4 Ne7 26. Rxc8 Qxc8 27. h5 g5 28.
Nxg5 hxg5 29. h6+ Kh7 30. Bh5 Nf5 31. Qxg5 Qc1+ 32. Kh2 Qxe3 33. Bg6+ Kh8 34.
Qg4 Qxh6+ 35. Bh5 Qg7 36. Qh3 Kg8 37. Qc3 Bc6 38. g4 Ne7 39. Qd3 Bb5 40. Qe3
Ng6 41. Qg5 Bd3 42. Qd2 Be4 43. Qc1 Re8 44. Qc7 Qf8 45. Rf1 Rc8 46. Qxb7 Rc2+
47. Kg3 Rg2+ 48. Kh3 Rd2 49. Rc1 Nf4+ 50. Kh4 Qd8+ 51. g5 Rh2+ 52. Kg4 Rg2+ 53.
Kxf4 Qxg5# 0-1

[Event "SR 3. liga A2 2007/2008"]
[Site "?"]
[Date "2008.02.17"]
[Round "8"]
[White "Pinter, Marek"]
[Black "Pagerka, Slavomir"]
[Result "0-1"]
[WhiteElo "1350"]
[BlackElo "1691"]
[PlyCount "78"]
[EventDate "2007.??.??"]

1. e4 e5 2. Nf3 Nc6 3. Bc4 Bc5 4. Nc3 Nf6 5. d3 O-O 6. O-O h6 7. Bb5 Re8 8.
Bxc6 bxc6 9. Na4 Bb6 10. Nxb6 axb6 11. Bd2 d5 12. exd5 cxd5 13. h3 c5 14. Re1
Qd6 15. Bc3 d4 16. Bd2 Bb7 17. Nh2 Qd5 18. f3 Rxa2 19. Rxa2 Qxa2 20. Qc1 Kh7
21. Nf1 Nh5 22. Kf2 Qd5 23. Qd1 Bc6 24. b3 f5 25. g4 fxg4 26. hxg4 Nf6 27. Nh2
b5 28. Qe2 g5 29. Ra1 Kg6 30. Re1 Rf8 31. Rg1 e4 32. dxe4 Nxe4+ 33. Ke1 Nxd2
34. Kxd2 c4 35. bxc4 bxc4 36. Re1 Qa5+ 37. Kd1 Qa1+ 38. Kd2 c3+ 39. Kd3 Bb5+
0-1

[Event "SR 3. liga A2 2007/2008"]
[Site "?"]
[Date "2008.02.17"]
[Round "8"]
[White "Kubis, Ivan"]
[Black "Manak, Jozef"]
[Result "1/2-1/2"]
[WhiteElo "2018"]
[BlackElo "2042"]
[PlyCount "24"]
[EventDate "2007.??.??"]

1. e4 c5 2. Nf3 a6 3. d4 cxd4 4. Nxd4 Nf6 5. Nc3 e5 6. Nb3 Bb4 7. Bd3 d5 8.
exd5 e4 9. Be2 Nxd5 10. Qd4 O-O 11. O-O Bxc3 12. bxc3 Nc6 1/2-1/2

[Event "SR 3. liga A2 2007/2008"]
[Site "?"]
[Date "2008.02.17"]
[Round "8"]
[White "Pobjecky, Ivan"]
[Black "Londin, Martin"]
[Result "1-0"]
[WhiteElo "2040"]
[BlackElo "1985"]
[PlyCount "83"]
[EventDate "2007.??.??"]

1. e4 e5 2. Nf3 Nc6 3. Bb5 d6 4. O-O Bd7 5. d4 Nxd4 6. Bxd7+ Qxd7 7. Nxd4 exd4
8. Qxd4 Ne7 9. Nc3 Nc6 10. Qd5 Be7 11. Bf4 Qe6 12. Qd2 O-O-O 13. Rfe1 g5 14.
Bxg5 Bxg5 15. Qxg5 Rhg8 16. Qe3 Qg4 17. g3 Qh3 18. Ne2 h5 19. Nf4 Qg4 20. h3
Qg5 21. Kh2 Rde8 22. Nd5 Qg7 23. Qf4 Re6 24. Rad1 Kb8 25. c4 Ne5 26. c5 dxc5
27. Ne3 f6 28. Nf5 Qf8 29. Rd5 c6 30. Rd7 Kc8 31. Rh7 Rh8 32. Rxh8 Qxh8 33. Rd1
Qf8 34. Kg2 c4 35. Ne3 b5 36. Qf5 Qe7 37. Qxh5 Nd3 38. b3 Rxe4 39. bxc4 bxc4
40. Qf5+ Kb7 41. Rb1+ Ka8 42. Qc8# 1-0

[Event "SR 3. liga A2 2007/2008"]
[Site "?"]
[Date "2008.02.17"]
[Round "8"]
[White "Vogl, Zdenek"]
[Black "Furjel, Andrej"]
[Result "0-1"]
[WhiteElo "1883"]
[BlackElo "2033"]
[PlyCount "68"]
[EventDate "2007.??.??"]

1. e4 c5 2. Nf3 d6 3. d4 cxd4 4. Nxd4 Nf6 5. Nc3 a6 6. Bg5 e6 7. f4 Be7 8. Bc4
b5 9. Bd3 Qc7 10. Nf3 b4 11. Ne2 Bb7 12. Ng3 Nbd7 13. Qe2 Nc5 14. O-O Nxd3 15.
cxd3 O-O 16. Rac1 Qb6+ 17. Kh1 Rac8 18. f5 Rxc1 19. Rxc1 Rc8 20. fxe6 fxe6 21.
Rxc8+ Bxc8 22. Be3 Qc7 23. h3 a5 24. Qf2 a4 25. Nd4 Bd7 26. Qc2 Qxc2 27. Nxc2
Bb5 28. Ne1 Nd7 29. Bd2 b3 30. axb3 axb3 31. Bc3 Nc5 32. d4 Na4 33. Nf3 Nxc3
34. bxc3 Bg5 0-1

[Event "SR 3. liga A2 2007/2008"]
[Site "?"]
[Date "2008.02.17"]
[Round "8"]
[White "Mihalik, Anton"]
[Black "Pagac, Robert"]
[Result "1/2-1/2"]
[WhiteElo "1981"]
[BlackElo "1804"]
[PlyCount "44"]
[EventDate "2007.??.??"]

1. e4 e5 2. Nf3 Nc6 3. Bb5 a6 4. Ba4 Nf6 5. d3 b5 6. Bb3 Be7 7. c3 O-O 8. O-O
d6 9. a3 Be6 10. Bc2 d5 11. exd5 Bxd5 12. Re1 Nd7 13. d4 exd4 14. Nxd4 Nxd4 15.
Qxd4 Bc6 16. Qd3 g6 17. Bh6 Re8 18. Nd2 Bf6 19. Nb3 Ne5 20. Qg3 Bh4 21. Qf4 Qf6
22. Nd4 Bb7 $11 1/2-1/2

[Event "SR 3. liga A2 2007/2008"]
[Site "?"]
[Date "2008.02.17"]
[Round "8"]
[White "Brisudova, Veronika"]
[Black "Curidlo, Jan"]
[Result "0-1"]
[WhiteElo "1751"]
[BlackElo "2042"]
[PlyCount "56"]
[EventDate "2007.??.??"]

1. e4 c5 2. Nf3 d6 3. d4 cxd4 4. Nxd4 Nf6 5. Nc3 a6 6. Be2 e6 7. O-O Be7 8. Be3
O-O 9. Qd2 b5 10. a3 Bb7 11. f3 Nbd7 12. Rad1 Rc8 13. Bd3 Qc7 14. Kh1 Ne5 15.
Nce2 Nc4 16. Bxc4 Qxc4 17. c3 Rfd8 18. Qe1 Nd7 19. Qg3 Ne5 20. f4 Ng6 21. f5
Ne5 22. f6 Bf8 23. fxg7 Be7 24. Qf4 Kxg7 25. Ng3 Rg8 26. Nh5+ Kh8 27. h3 Rg6
28. Rd2 Bg5 0-1

[Event "SR 3. liga A2 2007/2008"]
[Site "?"]
[Date "2008.02.17"]
[Round "8"]
[White "Bincik, Pavol"]
[Black "Leska, Marian"]
[Result "1/2-1/2"]
[WhiteElo "1889"]
[BlackElo "1664"]
[PlyCount "29"]
[EventDate "2007.??.??"]

1. d4 d5 2. c4 e6 3. Nc3 Nf6 4. Bg5 Be7 5. e3 O-O 6. Nf3 Nbd7 7. cxd5 Nxd5 8.
Bxe7 Nxe7 9. Bd3 h6 10. O-O c5 11. Qe2 cxd4 12. Nxd4 Qb6 13. Rac1 Nf6 14. Rfd1
Bd7 15. Ne4 1/2-1/2

[Event "SR 3. liga A2 2007/2008"]
[Site "?"]
[Date "2008.02.17"]
[Round "8"]
[White "Bartos, Bohumil"]
[Black "Slaby, Jozef"]
[Result "0-1"]
[WhiteElo "1580"]
[BlackElo "1945"]
[PlyCount "44"]
[EventDate "2007.??.??"]

1. e4 e6 2. d4 d5 3. e5 c5 4. c3 Nc6 5. Nf3 Nge7 6. Be2 Ng6 7. O-O Be7 8. Be3
O-O 9. Nbd2 Bd7 10. Nb3 Rc8 11. Rc1 cxd4 12. cxd4 Qb6 13. a3 Nb8 14. Rxc8 Rxc8
15. Qd3 Ba4 16. Nfd2 a6 17. Nc5 Bxc5 18. dxc5 Qc7 19. Nf3 Nd7 20. Bd4 Nf4 21.
Qe3 Nxe2+ 22. Qxe2 Bb5 0-1

[Event "SR 3. liga A2 2007/2008"]
[Site "?"]
[Date "2008.02.17"]
[Round "8"]
[White "Orvisky, Vladimir"]
[Black "Geher, Stanislav"]
[Result "1-0"]
[WhiteElo "1880"]
[BlackElo "1540"]
[PlyCount "69"]
[EventDate "2007.??.??"]

1. c4 e6 2. Nc3 Nf6 3. e4 Bb4 4. e5 Bxc3 5. bxc3 Ng8 6. d4 d5 7. Nf3 h6 8. Bd3
c6 9. O-O Ne7 10. Qc2 Nd7 11. Nd2 Nf8 12. Rb1 Nfg6 13. cxd5 Qxd5 14. Ne4 O-O
15. Nd6 Rb8 16. Be4 Qa5 17. f4 f5 18. exf6 Rxf6 19. Nxc8 Nxc8 20. Bxg6 Ne7 21.
Be4 Qc7 22. Rf3 Rbf8 23. Bd2 c5 24. Rxb7 Qd6 25. dxc5 Qxc5+ 26. Be3 Qd6 27.
Rxa7 Nd5 28. Bd4 Nxf4 29. Bxf6 Rxf6 30. Bh7+ Kh8 31. Ra8+ Rf8 32. Rxf8+ Qxf8
33. Kf1 e5 34. Qe4 Qe8 35. Rxf4 1-0

[Event "SR 3. liga A2 2007/2008"]
[Site "?"]
[Date "2008.02.17"]
[Round "8"]
[White "Horak, Ivan"]
[Black "Doucha, Ludvik"]
[Result "0-1"]
[WhiteElo "2140"]
[BlackElo "2102"]
[PlyCount "106"]
[EventDate "2007.??.??"]

1. e4 e5 2. Nf3 d6 3. d4 exd4 4. Nxd4 g6 5. Be3 Bg7 6. Nc3 Nf6 7. Be2 Nc6 8.
O-O O-O 9. Re1 Re8 10. Bb5 Bd7 11. Bxc6 bxc6 12. f3 Qb8 13. Qd3 c5 14. Nde2 Bc6
15. a4 Qb7 16. Ra3 Rab8 17. Rb3 Qc8 18. Rxb8 Qxb8 19. Rd1 Qb7 20. b3 Nd7 21.
Nd5 Ne5 22. Qd2 c4 23. Nef4 cxb3 24. cxb3 Qxb3 25. Bxa7 Qxa4 26. Bf2 Bxd5 27.
Nxd5 Qd7 28. Qc2 c6 29. Nb6 Qe7 30. f4 Ng4 31. e5 dxe5 32. Bc5 Qf6 33. h3 Nh6
34. fxe5 Qxe5 35. Nd7 Qe4 36. Qxe4 Rxe4 37. Nb8 Bf6 38. Nd7 Be7 39. Bd4 Re6 40.
Ra1 f6 41. Ra8+ Kf7 42. Ra7 Ng8 43. Kf2 Re4 44. Be3 h5 45. Kf3 Re6 46. Rc7 g5
47. Nb8 Kg6 48. g4 hxg4+ 49. hxg4 Bd6 50. Rb7 Ne7 51. Nd7 Nd5 52. Bd4 Re1 53.
Nc5 Rd1 {biely èas} 0-1

[Event "SR 3. liga A2 2007/2008"]
[Site "?"]
[Date "2008.02.17"]
[Round "8"]
[White "Stetina, Erik"]
[Black "Kovarik, Oto"]
[Result "1-0"]
[WhiteElo "2085"]
[BlackElo "2054"]
[PlyCount "61"]
[EventDate "2007.??.??"]

1. e4 c5 2. c4 d6 3. Nc3 Nc6 4. Nge2 Nf6 5. d3 g6 6. g3 Bg7 7. Bg2 O-O 8. O-O
a6 9. a4 Rb8 10. h3 e6 11. Be3 Qc7 12. Qd2 Bd7 13. f4 Na5 14. Ra3 b6 15. g4 Bc6
16. Ng3 Rbe8 17. Qf2 Nd7 18. Raa1 Nb3 $11 19. Rad1 Nd4 20. f5 exf5 21. gxf5
gxf5 22. exf5 Nf6 23. Bxc6 Nxc6 24. Nd5 Qd8 25. Bg5 Nxd5 26. Bxd8 Bd4 27. Bg5
Ndb4 28. Ne4 Bxf2+ 29. Rxf2 Re5 30. Rg2 f6 31. Bxf6+ 1-0

[Event "SR 3. liga A2 2007/2008"]
[Site "?"]
[Date "2008.02.17"]
[Round "8"]
[White "Sefcik, Marek"]
[Black "Sturdik, Igor"]
[Result "1-0"]
[WhiteElo "1955"]
[BlackElo "2020"]
[PlyCount "81"]
[EventDate "2007.??.??"]

1. e4 Nf6 2. Bc4 Nxe4 3. Bxf7+ Kxf7 4. Qh5+ g6 5. Qd5+ e6 6. Qxe4 Qf6 7. Nf3
Nc6 8. d4 Bg7 9. Ng5+ Kf8 10. c3 d5 11. Qh4 h6 12. Nf3 e5 13. Qxf6+ Bxf6 14.
dxe5 Nxe5 15. Nxe5 Bxe5 16. Be3 Bf5 17. Nd2 Kf7 18. Nf3 Bf6 19. Bd4 Rhe8+ 20.
Kd2 Bg4 21. Bxf6 Kxf6 22. Nd4 c5 23. f3 cxd4 24. fxg4 dxc3+ 25. bxc3 Re4 26. h3
Rae8 27. Rhf1+ Kg5 28. Rf2 b5 29. Kd3 Rc8 30. Rb1 a6 31. Rbb2 Rcc4 32. Rf8 d4
33. Rc2 Re3+ 34. Kd2 Rexc3 35. Rxc3 dxc3+ 36. Kc2 Ra4 37. Kb3 Rc4 38. Kc2 Rc6
39. g3 b4 40. Rf4 a5 41. h4# 1-0

[Event "SR 3. liga A2 2007/2008"]
[Site "?"]
[Date "2008.02.17"]
[Round "8"]
[White "Bukovsky, Milan"]
[Black "Jozefovic, Milan"]
[Result "1/2-1/2"]
[WhiteElo "2024"]
[BlackElo "1932"]
[PlyCount "115"]
[EventDate "2007.??.??"]

1. c4 e5 2. Nc3 Nf6 3. Nf3 Nc6 4. e4 d6 5. d4 exd4 6. Nxd4 Nxd4 7. Qxd4 Be6 8.
Be2 Be7 9. O-O O-O 10. b3 Nd7 11. Be3 Bf6 12. Qd2 Nc5 13. f3 Be5 14. Rad1 Qh4
15. f4 Bxc3 16. Qxc3 Nxe4 17. Qd4 f5 18. Bf3 Bd7 19. Bxe4 fxe4 20. f5 Bc6 21.
Rf4 Qf6 22. Qd2 Rf7 23. Rdf1 Re8 24. h4 Bd7 25. Qf2 c5 26. g4 Qe5 27. Rd1 Bc6
28. Qh2 b6 29. Rf2 Qxh2+ 30. Kxh2 Rd8 31. Rfd2 d5 32. cxd5 Bb5 33. Bg5 Rdd7 34.
d6 Bd3 35. Be7 b5 36. Kg3 c4 37. Rc1 Rdxe7 38. dxe7 Rxe7 39. bxc4 bxc4 40. Rdd1
e3 41. Re1 e2 42. Kf2 Re4 43. Rg1 Kf7 44. Ke1 Re5 45. Rc3 Ra5 46. a3 Rb5 47.
Kd2 a5 48. Re1 Re5 49. Rxd3 cxd3 50. Kxd3 Rb5 51. Rxe2 Rb3+ 52. Kc2 Rxa3 53.
Re4 Rh3 54. g5 Rf3 55. Re5 a4 56. Ra5 a3 57. Ra7+ Kf8 58. Ra8+ 1/2-1/2

[Event "SR 3. liga A2 2007/2008"]
[Site "?"]
[Date "2008.02.17"]
[Round "8"]
[White "Bilovsky, Milan"]
[Black "Krist, Milan"]
[Result "1/2-1/2"]
[WhiteElo "1872"]
[BlackElo "2055"]
[PlyCount "124"]
[EventDate "2007.??.??"]

1. c4 c5 2. Nc3 Nc6 3. g3 Nf6 4. Bg2 e6 5. e3 d5 6. cxd5 exd5 7. d4 cxd4 8.
exd4 Be7 9. Nf3 O-O 10. O-O h6 11. Re1 Re8 12. a3 Be6 13. b4 Rc8 14. Qd3 Qd7
15. Bf4 Bf5 16. Qd2 Bf8 17. b5 Rxe1+ 18. Rxe1 Ne7 19. Ne5 Qd8 20. Rc1 Ng6 21.
Nxg6 Bxg6 22. Qa2 Qa5 23. Bd2 Qxa3 24. Bxd5 Qxa2 25. Bxa2 Ba3 26. Re1 Bb4 27.
Rc1 Ba3 28. Re1 Bb2 29. Ne2 Re8 30. Nf4 Rxe1+ 31. Bxe1 Be4 32. Ne2 Bd3 33. Bc3
Ba3 34. Nf4 Bxb5 35. d5 Ne4 36. Bd4 Bc5 37. Bxc5 Nxc5 38. f3 Kf8 39. d6 Bc6 40.
Kf2 b5 41. Nd5 Bxd5 42. Bxd5 b4 43. Ke3 Nd7 44. Kd4 a5 45. Bc6 Ke8 46. Kc4 Kd8
47. f4 Nb6+ 48. Kb5 Nc8 49. Kxa5 b3 50. Kb4 b2 51. Be4 Nxd6 52. Bd3 Ke7 53. Kb3
f5 54. Kxb2 Kf6 55. Kc3 Ne4+ 56. Kd4 Nf2 57. Bf1 Ke6 58. h3 h5 59. Bg2 Nd1 60.
Bf3 Nf2 61. Bxh5 Nxh3 62. Ke3 Kf6 1/2-1/2

[Event "SR 3. liga A2 2007/2008"]
[Site "?"]
[Date "2008.02.17"]
[Round "8"]
[White "Mosny, Jaroslav"]
[Black "Holly, Milan"]
[Result "0-1"]
[WhiteElo "2014"]
[BlackElo "1781"]
[PlyCount "104"]
[EventDate "2007.??.??"]

1. d4 e6 2. c4 b6 3. Nf3 Bb7 4. e3 Nf6 5. Bd3 Be7 6. O-O O-O 7. Nc3 d5 8. b3 c5
9. Bb2 Nc6 10. Rc1 Rc8 11. Qe2 Qc7 12. Rfd1 Rfd8 13. Bb1 a6 14. a3 dxc4 15.
bxc4 cxd4 16. exd4 Na5 17. d5 Qxc4 18. Bd3 Qf4 19. dxe6 Bxf3 20. exf7+ Kxf7 21.
Qxf3 Qxf3 22. gxf3 b5 23. Ne4 Rxc1 24. Ng5+ Kg8 25. Bxc1 h6 26. Ne6 Rd7 27. Bb2
Kf7 28. Nf4 Rd6 29. Be5 Rc6 30. Bg6+ Kf8 31. Bb2 Nc4 32. Rc1 Ne5 33. Rxc6 Nxc6
34. Ne6+ Kg8 35. Nc7 b4 36. axb4 Nxb4 37. Be4 Kf7 38. Ba3 a5 39. Nb5 Nfd5 40.
Bb2 Bf6 41. Nd6+ Ke6 42. Bxf6 Nxf6 43. Nc4 Nxe4 44. fxe4 a4 45. Na3 Ke5 46. f3
Kf4 47. Kf2 Nd3+ 48. Ke2 Ne5 49. Nb1 Nxf3 50. Kd3 Nxh2 51. Kd4 Nf3+ 52. Kd5 g5
0-1

[Event "SR 3. liga A2 2007/2008"]
[Site "?"]
[Date "2008.02.17"]
[Round "8"]
[White "Hrubos, Milan"]
[Black "Puchart, Vladimir"]
[Result "0-1"]
[WhiteElo "1726"]
[BlackElo "2024"]
[PlyCount "74"]
[EventDate "2007.??.??"]

1. e4 c5 2. Nf3 d6 3. d4 cxd4 4. Nxd4 Nf6 5. Nc3 a6 6. Bg5 Nbd7 7. f4 Qc7 8.
Qf3 Rb8 9. O-O-O g6 10. Bxf6 Nxf6 11. f5 Nd7 12. fxg6 hxg6 13. Bd3 Qc5 14. Nb3
Bh6+ 15. Kb1 Qe3 16. Qf1 b5 17. Nd5 Qa7 18. h4 Ne5 19. Be2 Bd7 20. h5 a5 21.
hxg6 fxg6 22. Rxh6 Rxh6 23. Qf4 Rh8 24. Rf1 Be6 25. c3 Kd7 26. Nd4 Rbf8 27.
Bxb5+ Kc8 28. Qxf8+ Rxf8 29. Rxf8+ Kb7 30. Nxe6 Qg1+ 31. Kc2 Qxg2+ 32. Kb3 a4+
33. Bxa4 Nd3 34. Nd8+ Ka6 35. Nc7+ Ka5 36. Nc6+ Kb6 37. Nd5+ Kc5 0-1

[Event "SR 3. liga A2 2007/2008"]
[Site "?"]
[Date "2008.02.17"]
[Round "8"]
[White "Jurik, Michal"]
[Black "Husek, Lubomir"]
[Result "1-0"]
[WhiteElo "1931"]
[BlackElo "1600"]
[PlyCount "117"]
[EventDate "2007.??.??"]

1. e4 c5 2. Nf3 d6 3. d4 cxd4 4. Nxd4 Nf6 5. Nc3 g6 6. Be3 Bg7 7. Qd2 O-O 8. f3
Nc6 9. O-O-O Bd7 10. g4 Rc8 11. h4 h5 12. gxh5 Nxh5 13. Be2 Ne5 14. f4 Nc4 15.
Bxc4 Rxc4 16. f5 Kh7 17. Qg2 Rxc3 18. fxg6+ fxg6 19. bxc3 Qa5 20. Rhg1 Be8 21.
Kd2 Qxa2 22. Rdf1 Rxf1 23. Rxf1 a6 24. Rg1 Qc4 25. Qg5 Qf7 26. Ne2 Qf6 27. Qxf6
Bxf6 28. Bg5 Bc6 29. Kd3 Kg7 30. Nd4 Bd7 31. Rb1 Bc8 32. Rb4 Kf7 33. Rc4 Bh3
34. Rc7 Ng3 35. Nf3 Ke6 36. Ke3 Bxg5+ 37. hxg5 d5 38. exd5+ Kxd5 39. Rxb7 Nf5+
40. Kd2 Bf1 41. Nd4 Nd6 42. Rxe7 Ne4+ 43. Ke1 Bc4 44. Nf3 Nxc3 45. Rg7 a5 46.
Kd2 Ne4+ 47. Ke3 a4 48. Rxg6 a3 49. Rh6 a2 50. Rh1 Ng3 51. Ra1 Nf5+ 52. Kf4 Nd4
53. Ne1 Kc5 54. Ke3 Nb5 55. Kd2 Kb4 56. Kc1 Ka3 57. g6 Nd4 58. Nd3 Bxd3 59.
Rxa2+ 1-0

[Event "SR 3. liga A2 2007/2008"]
[Site "?"]
[Date "2008.03.01"]
[Round "9"]
[White "Cechovic, Stefan"]
[Black "Sebesta, Radovan"]
[Result "1/2-1/2"]
[WhiteElo "2164"]
[BlackElo "2118"]
[PlyCount "90"]
[EventDate "2007.??.??"]

1. Nf3 Nf6 2. c4 e6 3. d4 b6 4. g3 Bb7 5. Bg2 Be7 6. Nc3 O-O 7. O-O d5 8. b3
dxc4 9. bxc4 Na6 10. Ne5 Bxg2 11. Kxg2 c5 12. d5 exd5 13. cxd5 Bd6 14. Nc4 Nc7
15. e4 Re8 16. Re1 Be5 17. Nxe5 Rxe5 18. d6 Nce8 19. f4 Re6 20. e5 Nd7 21. Bb2
a6 22. Qd5 Ra7 23. f5 Rh6 24. Ne4 Qa8 25. Qxa8 Rxa8 26. Bc1 Nxe5 27. Bxh6 gxh6
28. Nxc5 Nxd6 29. Rxe5 bxc5 30. Rxc5 Kg7 31. Rd1 Ne4 32. Ra5 Rc8 33. Rxa6 Rc2+
34. Kf3 Ng5+ 35. Kg4 Rxh2 36. Rd8 Ne4 37. Kf4 Nf6 38. Kf3 h5 39. Rd4 Ng4 40.
Rxg4+ hxg4+ 41. Kxg4 h6 42. a4 Rc2 43. a5 Ra2 44. Kh5 Rh2+ 45. Kg4 Ra2 1/2-1/2

[Event "SR 3. liga A2 2007/2008"]
[Site "?"]
[Date "2008.03.01"]
[Round "9"]
[White "Vach, Pavol"]
[Black "Sarmir, Milos"]
[Result "1/2-1/2"]
[WhiteElo "2104"]
[BlackElo "2112"]
[PlyCount "88"]
[EventDate "2007.??.??"]

1. d4 Nf6 2. c4 e6 3. Nc3 d5 4. Nf3 Be7 5. Bg5 Nbd7 6. e3 h6 7. Bh4 O-O 8. Bd3
dxc4 9. Bxc4 b6 10. O-O Bb7 11. Qe2 Ne4 12. Bxe7 Nxc3 13. bxc3 Qxe7 14. e4 c5
15. Bb3 cxd4 16. cxd4 Rac8 17. e5 Rfd8 18. Rac1 Nf8 19. Rxc8 Rxc8 20. Rd1 Ng6
21. Nd2 Nf4 22. Qg4 Qg5 23. Qxg5 hxg5 24. Nf3 Bxf3 25. gxf3 Rc3 26. d5 exd5 27.
Bxd5 Nxd5 28. Rxd5 Rxf3 29. Rd8+ Kh7 30. Rd7 Kg6 31. Rxa7 Rf5 32. Ra6 Rxe5 33.
Rxb6+ f6 34. a4 Re4 35. a5 Ra4 36. Ra6 Kh5 37. Ra8 Kg4 38. Kg2 f5 39. a6 Kf4
40. Rg8 Rxa6 41. Rxg7 g4 42. Rg8 Ra2 43. Re8 Kg5 44. Rc8 Kf4 1/2-1/2

[Event "SR 3. liga A2 2007/2008"]
[Site "?"]
[Date "2008.03.01"]
[Round "9"]
[White "Liptak, Tomas"]
[Black "Palka, Miroslav"]
[Result "0-1"]
[WhiteElo "1987"]
[BlackElo "2045"]
[PlyCount "98"]
[EventDate "2007.??.??"]

1. e4 c5 2. Nf3 d6 3. d4 cxd4 4. Nxd4 Nf6 5. Nc3 g6 6. f3 Bg7 7. Be3 O-O 8. Qd2
Nc6 9. O-O-O Nxd4 10. Bxd4 Be6 11. h4 Qa5 12. Kb1 Rfc8 13. a3 Rab8 14. h5 b5
15. hxg6 hxg6 16. Bxf6 exf6 17. Nd5 Qd8 18. Nf4 Bc4 19. Qxd6 Qa5 20. Qb4 Qc7
21. Qd2 Rd8 22. Nd3 a5 23. b3 Be6 24. Be2 Bf8 25. Qf4 Qe7 26. Qh4 Bg7 27. Ka2
a4 28. Nb4 Qc5 29. e5 Qxe5 30. Qe4 Qc3 31. Rd3 axb3+ 32. cxb3 Bxb3+ 33. Kb1
Rxd3 34. Qxd3 f5 35. Qxc3 Bxc3 36. Rc1 Bf6 37. Na6 Rd8 38. Bxb5 Rd2 39. Rc8+
Kg7 40. g4 fxg4 41. fxg4 Ra2 42. Kc1 Rxa3 43. Nc7 Ra1+ 44. Kd2 Be5 45. Ke3 Bxc7
46. Rxc7 Be6 47. Bd7 Bxd7 48. Rxd7 Rf1 49. g5 Rf5 0-1